|
|
|
|
| LEADER |
00000nam0a2200000 4500 |
| 001 |
148406 |
| 005 |
20231031145443.0 |
| 010 |
|
|
|a 502030008X
|
| 020 |
|
|
|a RU
|b 92-5085ж
|
| 035 |
|
|
|a (RuTPU)RU\TPU\book\160875
|
| 090 |
|
|
|a 148406
|
| 100 |
|
|
|a 20081201a1992 k a0rusy5003 ca
|
| 101 |
0 |
|
|a rus
|
| 102 |
|
|
|a RU
|
| 105 |
|
|
|a a z 001zy
|
| 200 |
1 |
|
|a Исследования распространения сейсмических волн в анизотропных средах
|f отв. ред. И. С. Чичинин
|
| 210 |
|
|
|a Новосибирск
|c Наука
|d 1992
|
| 215 |
|
|
|a 192 с.
|c ил.
|d 22 см
|
| 225 |
1 |
|
|a Труды Института геологии и геофизики
|v Вып. 798
|
| 320 |
|
|
|a Библиогр. в конце ст.
|
| 610 |
1 |
|
|a сейсмические волны
|
| 610 |
1 |
|
|a анизотропные среды
|
| 610 |
1 |
|
|a распространение
|
| 610 |
1 |
|
|a гиротропные среды
|
| 675 |
|
|
|a 550.834
|z rus
|
| 702 |
|
1 |
|a Чичинин
|b И. С.
|g Иннокентий Сафьянович
|4 340
|
| 801 |
|
0 |
|a RU
|b RuMRKP
|c 19950417
|g psbo
|
| 801 |
|
1 |
|a RU
|b 63413507
|c 20081201
|g PSBO
|
| 801 |
|
2 |
|a RU
|b 63413507
|c 20090129
|g PSBO
|
| 942 |
|
|
|c BK
|